BIG FRIENDS / (رقم التسجيلة. 136322)

تفاصيل مارك
000 -LEADER
fixed length control field 00472nam a22001817a 4500
005 - DATE AND TIME OF LATEST TRANSACTION
control field 20251108175530.0
008 - FIXED-LENGTH DATA ELEMENTS--GENERAL INFORMATION
fixed length control field 250721s2004 xx 000 0 eng d
082 14 - DEWEY DECIMAL CLASSIFICATION NUMBER
Classification number J/F/CUY
100 1# - MAIN ENTRY--PERSONAL NAME
Personal name Cuyler, margery
245 10 - TITLE STATEMENT
Title BIG FRIENDS /
264 1# - PRODUCTION, PUBLICATION, DISTRIBUTION, MANUFACTURE, AND COPYRIGHT NOTICE
Place of production, publication, distribution, manufacture new york :
Name of producer, publisher, distributor, manufacturer walker and company,
Date of production, publication, distribution, manufacture, or copyright notice 2004.
300 ## - PHYSICAL DESCRIPTION
Extent [30p.]
650 17 - SUBJECT ADDED ENTRY--TOPICAL TERM
Topical term or geographic name as entry element fiction
653 ## - INDEX TERM--UNCONTROLLED
Uncontrolled term اطفال مرحلة متوسطة (6-9) سنوات
700 1# - ADDED ENTRY--PERSONAL NAME
Personal name tucker, ezra
942 ## - ADDED ENTRY ELEMENTS (KOHA)
Source of classification or shelving scheme Dewey Decimal Classification
Koha item type كتب
المقتنيات
حالة السحب حالة الفقدان مصدر التصنيف حالة التلف غير قابل للإعارة المكتبة الرئيسية المكتبة الحالية موقع الرف تاريخ التزويد الرقم المتسلسل Total Checkouts رقم الإستدعاء الباركود تاريخ آخر ظهور تاريخ الفاتورة نوع المادة (كوها)
    Dewey Decimal Classification     المكتبة المركزية المكتبة المركزية الأطفال 28/07/2025 1660324   J/F/CUY PLD00405146 28/07/2025 28/07/2025 كتب
    Dewey Decimal Classification     مكتبة أبو علندا العامة مكتبة أبو علندا العامة الأطفال 15/10/2018 1660327   J/F/CUY PLD00435665 28/07/2025 15/10/2018 كتب
    Dewey Decimal Classification     مكتبة الجويدة مكتبة الجويدة الأطفال 15/10/2018 1660326   J/F/CUY PLD00435664 28/07/2025 15/10/2018 كتب
    Dewey Decimal Classification     مكتبة الياسمين للأطفال مكتبة الياسمين للأطفال الأطفال 15/10/2018 1660328   J/F/CUY PLD00435666 28/07/2025 15/10/2018 كتب
    Dewey Decimal Classification     مكتبة حمزة العامة مكتبة حمزة العامة الأطفال 15/10/2018 1660325   J/F/CUY PLD00435663 28/07/2025 15/10/2018 كتب
Implemented & Customized by: BBB with SCIT (Smart Chains for Information Technology)

Powered by Koha